Retired from Sad, New Career in Business songs - Mitski - Statistics

General Stats
  • This quiz has been taken 56 times
  • The average score is 8 of 9
Answer Stats
Songs % Correct
Circle
98%
Square
95%
Because Dreaming Costs Money, My Dear
93%
Class of 2013
93%
Goodbye, My Danish Sweetheart
93%
Strawberry Blond
93%
Humpty
90%
I Want You
90%
Shame
88%
No matching quizzes found
Score Distribution
Percent of People with Each Score
Percentile by Number Answered
Your Score History
You have not taken this quiz